| 000 | 01424 a2200253 4500 | ||
|---|---|---|---|
| 003 | Nust | ||
| 005 | 20220725094842.0 | ||
| 010 | _a 94158377 | ||
| 020 | _a0030972191 | ||
| 035 | _a(OCoLC)28998314 | ||
| 040 | _cNust | ||
| 082 | 0 | 0 | _a004.16,GOO |
| 100 | 1 |
_aGoodman, James _994838 |
|
| 245 | 1 | 2 |
_aA programmer's view of computer architecture : _bwith Assembly Language examples from the MIPS RISC architecture / _cJames Goodman, Karen Miller. |
| 260 |
_aForth Worth, Tex. : _bSaunders College Pub., _cc1993. |
||
| 300 |
_axi, 402 p. : _bill. ; _c24 cm. |
||
| 505 | _aAbstraction And Computers (Page-1), A Simple Abstract Language (Page-21), Number Systems (Page-55), Data Representation (Page-83), Arithmetic And Logical Operation (Page-113), Floating Point Arithmetic (Page-139), Data Structure (Page-167), Registers And MAL (Page-195), Procedures (Page-227), The Assembly Process (Page-253), Input And Output (Page-287), Interrupts And Exception Handling (Page-307), Architectural Performance (Page-339), Alternative Architectures (Page-361) | ||
| 650 | 0 | _aComputer architecture. | |
| 650 | 0 |
_aReduced instruction set computers. _994839 |
|
| 700 | 1 |
_aMiller, Karen, _d1962- _994840 |
|
| 856 | 4 | 2 |
_3Publisher description _uhttp://www.loc.gov/catdir/enhancements/fy0636/94158377-d.html |
| 856 | 4 | 2 |
_3Table of contents only _uhttp://www.loc.gov/catdir/enhancements/fy0636/94158377-t.html |
| 942 |
_2ddc _cBK _k004.16,GOO |
||
| 999 |
_c176754 _d176754 |
||